| 000 | 00494pab a2200181 454500 | ||
|---|---|---|---|
| 008 | 180718b2012 xxu||||| |||| 00| 0 eng d | ||
| 100 | _aSaiBabu, K. | ||
| 245 | _aChanging pattern of land utilization in Chittoor district, Andhra Pradesh | ||
| 260 | _c2012 | ||
| 300 | _ap.30-39. | ||
| 650 | _aLand use - India - Andhra Pradesh | ||
| 650 | _aLand use | ||
| 700 | _aKrishnaiah, K. | ||
| 700 | _aReddy, C. | ||
| 773 | _aIndian Journal of Regional Science | ||
| 908 | _aN | ||
| 909 | _a95861 | ||
| 999 |
_c95861 _d95861 |
||